[Event "105th YMCA Spring C"]
[Site "Warszawa"]
[Date "2012.04.17"]
[Round "1"]
[White "Pajak, Jakub"]
[Black "Sawicki, Wojciech"]
[Result "1/2-1/2"]
[WhiteElo "1693"]
[BlackElo "1770"]
[Annotator "M"]
[PlyCount "53"]
[EventDate "2012.04.11"]
[EventType "tourn"]
[EventRounds "1"]
[EventCountry "POL"]
[SourceDate "2012.04.11"]

1. e4 e5 2. Nf3 Nc6 3. Bc4 Bc5 4. O-O Nf6 5. d4 Bxd4 6. Nxd4 Nxd4 7. Bg5 Ne6 8.
Bh4 O-O 9. Nc3 Nf4 10. Nb5 d6 11. Qf3 Be6 12. Bb3 Bxb3 13. axb3 a6 14. Nc3 h6
15. g3 N4h5 16. g4 Nf4 17. Bg3 Nh3+ 18. Kh1 Ng5 19. Qe2 Qd7 20. f3 h5 21. Bh4
Ne6 22. Bxf6 Nf4 23. Qf2 gxf6 24. gxh5 Qh3 25. Rg1+ Kh7 26. Rg4 Rg8 27. Rag1
$11 1/2-1/2

[Event "105th YMCA Spring C"]
[Site "Warszawa"]
[Date "2012.04.11"]
[Round "1"]
[White "Koziol, Pawel"]
[Black "Szukalski, Antoni"]
[Result "0-1"]
[WhiteElo "1859"]
[BlackElo "1858"]
[PlyCount "82"]
[EventDate "2012.04.11"]
[EventType "tourn"]
[EventRounds "1"]
[EventCountry "POL"]
[SourceDate "2012.04.11"]

1. d4 d5 2. c4 c6 3. Nf3 Nf6 4. Nc3 Bf5 5. Qb3 b6 6. cxd5 Nxd5 7. Nxd5 Qxd5 8.
Qxd5 cxd5 9. Bf4 e6 10. Rc1 Bb4+ 11. Nd2 O-O 12. e3 Nd7 13. Ba6 Nf6 14. a3
Bxd2+ 15. Kxd2 Ne4+ 16. Ke2 f6 17. f3 Ng5 18. g4 Bg6 19. h4 e5 20. Bxg5 fxg5
21. Bb7 Rad8 22. dxe5 Rfe8 23. hxg5 Rxe5 24. f4 Re7 25. Bc6 d4 26. Rh3 Bf7 27.
Ba4 a6 28. Bc2 Bc4+ 29. Ke1 d3 30. Rd1 Red7 31. Bxd3 Rxd3 32. Rxd3 Rxd3 33. Rh2
Rxe3+ 34. Kd2 Rg3 35. Rh4 Bd5 36. f5 Rg2+ 37. Kc3 Bf3 38. f6 Rxg4 39. Rh3 Rf4
40. fxg7 Be4 41. Rg3 Rf3+ 0-1

[Event "105th YMCA Spring C"]
[Site "Warszawa"]
[Date "2012.04.11"]
[Round "1"]
[White "Golebiewski, Marek"]
[Black "Jarmolowski, Tadeusz"]
[Result "1/2-1/2"]
[WhiteElo "1699"]
[BlackElo "1732"]
[PlyCount "69"]
[EventDate "2012.04.11"]
[EventType "tourn"]
[EventRounds "1"]
[EventCountry "POL"]
[SourceDate "2012.04.11"]

1. e4 d5 2. exd5 Qxd5 3. Nc3 Qd6 4. d4 Nf6 5. Bc4 Bg4 6. f3 Bf5 7. Nge2 Nc6 8.
O-O a6 9. a3 e6 10. Bf4 Qd7 11. d5 Bc5+ 12. Kh1 exd5 13. Nxd5 Nxd5 14. Qxd5
Qxd5 15. Bxd5 Bb6 16. Rfe1 O-O 17. c3 Rad8 18. Ba2 h6 19. Ng3 Bh7 20. Ne4 Kh8
21. Be3 Bxe3 22. Rxe3 b6 23. Rae1 f5 24. Nf2 Bg8 25. Bxg8 Kxg8 26. Re6 Na5 27.
Re7 Rd2 28. Rxc7 Rfd8 29. Kg1 Rxb2 30. h3 Rdd2 31. Ree7 Rxf2 32. Rxg7+ Kh8 33.
Rh7+ Kg8 34. Rhg7+ Kh8 35. Rh7+ 1/2-1/2

[Event "105th YMCA Spring C"]
[Site "Warszawa"]
[Date "2012.04.12"]
[Round "1"]
[White "Wrabel, Antoni"]
[Black "Moskwinski, Marek"]
[Result "1/2-1/2"]
[WhiteElo "1713"]
[BlackElo "1829"]
[Annotator "M"]
[PlyCount "37"]
[EventDate "2012.04.11"]
[EventType "tourn"]
[EventRounds "1"]
[EventCountry "POL"]
[SourceDate "2012.04.11"]

1. e4 c5 2. Nf3 Nc6 3. d4 cxd4 4. Nxd4 Nf6 5. Nc3 e5 6. Ndb5 d6 7. Bg5 a6 8.
Na3 Be7 9. Bxf6 Bxf6 10. Nd5 Bg5 11. c3 b5 12. Nc2 Be6 13. Nce3 Ne7 14. Be2
Nxd5 15. Nxd5 O-O 16. O-O Kh8 17. c4 bxc4 18. Bxc4 Bxd5 19. Qxd5 $11 1/2-1/2

[Event "105th YMCA Spring C"]
[Site "Warszawa"]
[Date "2012.04.19"]
[Round "1"]
[White "Szewczyk, Mariusz"]
[Black "Krzyzanowski, Antoni"]
[Result "1-0"]
[WhiteElo "1851"]
[BlackElo "1777"]
[PlyCount "65"]
[EventDate "2012.04.11"]
[EventType "tourn"]
[EventRounds "1"]
[EventCountry "POL"]
[SourceDate "2012.04.11"]

1. e4 Nf6 2. Nc3 d6 3. d4 g6 4. f4 Bg7 5. Nf3 c5 6. dxc5 Qa5 7. Bd2 Qxc5 8. Bd3
O-O 9. Qe2 a6 10. a3 b5 11. h3 Bb7 12. Be3 Qc7 13. O-O Nbd7 14. Rae1 e5 15.
fxe5 dxe5 16. Qf2 Rac8 17. Qh4 Qd6 18. Bh6 Rfe8 19. Ng5 Bh8 20. Rf3 Re7 21.
Ref1 Ba8 22. Ne2 Rc6 23. a4 bxa4 24. b3 axb3 25. cxb3 Bb7 26. Ng3 Rc3 27. Nf5
Qc5+ 28. Kh2 Re8 29. Bc4 Rxc4 30. bxc4 Qxc4 31. Nd6 Qb4 32. Nxe8 Nxe4 33. Rxf7
1-0

[Event "105th YMCA Spring C"]
[Site "Warszawa"]
[Date "2012.04.18"]
[Round "2"]
[White "Sawicki, Wojciech"]
[Black "Krzyzanowski, Antoni"]
[Result "1/2-1/2"]
[WhiteElo "1770"]
[BlackElo "1777"]
[Annotator "M"]
[PlyCount "98"]
[EventDate "2012.04.11"]
[EventType "tourn"]
[EventRounds "1"]
[EventCountry "POL"]
[SourceDate "2012.04.11"]

1. e4 Nf6 2. e5 Nd5 3. d4 d6 4. Nf3 g6 5. Be2 Bg7 6. O-O O-O 7. c4 Nb6 8. exd6
cxd6 9. b3 Nc6 10. Bb2 e5 11. dxe5 dxe5 12. Qc1 Bg4 13. Nbd2 Qc7 14. h3 Bxf3
15. Nxf3 Rad8 16. c5 Nd5 17. Bc4 Rd7 18. Rd1 Rfd8 19. a3 a5 20. Qc2 Nf4 21. Bb5
Ne6 22. Rxd7 Rxd7 23. Bxc6 bxc6 24. b4 Rd5 25. Rd1 Qd8 26. Rxd5 Qxd5 27. Qd2
Qa2 28. Qc1 Nf4 29. Qa1 Qxa1+ 30. Bxa1 axb4 31. axb4 f6 32. g3 Nd5 33. Nd2 Nxb4
34. Nb3 Bf8 35. Bc3 Nd3 36. Na5 Bxc5 37. Nxc6 Bxf2+ 38. Kg2 Bc5 39. Kf3 f5 40.
Nxe5 Nxe5+ 41. Bxe5 Kf7 42. g4 Ke6 43. Bc3 Bd6 44. gxf5+ gxf5 45. Bd4 Be5 46.
Bf2 h5 47. Be3 Kd5 48. Bf2 f4 49. Bh4 Kd4 $11 1/2-1/2

[Event "105th YMCA Spring C"]
[Site "Warszawa"]
[Date "2012.04.20"]
[Round "2"]
[White "Moskwinski, Marek"]
[Black "Szewczyk, Mariusz"]
[Result "1-0"]
[WhiteElo "1829"]
[BlackElo "1851"]
[PlyCount "103"]
[EventDate "2012.04.11"]
[EventType "tourn"]
[EventRounds "1"]
[EventCountry "POL"]
[SourceDate "2012.04.11"]

1. e4 c5 2. Nf3 Nc6 3. d4 cxd4 4. Nxd4 Nf6 5. Nc3 d6 6. Bc4 g6 7. Be3 Bg7 8. f3
O-O 9. Qd2 a6 10. O-O-O Bd7 11. h4 b5 12. Bb3 Ne5 13. g4 b4 14. Nd5 a5 15. h5
e6 16. Nxf6+ Qxf6 17. Bg5 Nxf3 18. Bxf6 Nxd2 19. Bxg7 Nxb3+ 20. Nxb3 Kxg7 21.
Rxd6 Bb5 22. Nd4 Bc4 23. h6+ Kf6 24. Nf3 Be2 25. e5+ Ke7 26. Nd4 Bxg4 27. Rh4
f5 28. Nxe6 Rfc8 29. Ng5 Rc5 30. Re6+ Kd7 31. Rh2 Rd5 32. Rd2 Rxd2 33. Kxd2 Ra7
34. Rf6 Ke8 35. e6 a4 36. c3 a3 37. b3 bxc3+ 38. Kxc3 Be2 39. Kd4 Rb7 40. Ke5
Bd3 41. Kd6 Bb1 42. Rf7 Rb6+ 43. Ke5 Bxa2 44. Rxh7 Bxb3 45. Rh8+ Ke7 46. Re8+
Kxe8 47. h7 Ke7 48. h8=Q Rb5+ 49. Kf4 Rb4+ 50. Ke3 Bxe6 51. Qg7+ Ke8 52. Qxg6+
1-0

[Event "105th YMCA Spring C"]
[Site "Warszawa"]
[Date "2012.04.18"]
[Round "2"]
[White "Jarmolowski, Tadeusz"]
[Black "Prus, Marek"]
[Result "1/2-1/2"]
[WhiteElo "1732"]
[BlackElo "1735"]
[Annotator "M"]
[PlyCount "56"]
[EventDate "2012.04.11"]
[EventType "tourn"]
[EventRounds "1"]
[EventCountry "POL"]
[SourceDate "2012.04.11"]

1. e4 c5 2. c3 d5 3. exd5 Qxd5 4. d4 Nc6 5. Nf3 Bg4 6. Na3 e6 7. Be3 cxd4 8.
Nb5 O-O-O 9. cxd4 Bb4+ 10. Nc3 Bxf3 11. gxf3 Nxd4 12. Be2 Nxe2 13. Qxe2 Bxc3+
14. bxc3 a6 15. Rg1 g6 16. Rg4 e5 17. Rc4+ Kb8 18. Rc5 Qd3 19. Qxd3 Rxd3 20.
Rxe5 Nf6 21. Bd4 Rxf3 22. Ke2 Rf4 23. Re7 Rf5 24. Rb1 b5 25. c4 Re8 26. Bxf6
Rxe7+ 27. Bxe7 Re5+ 28. Kf3 Rxe7 $11 1/2-1/2

[Event "105th YMCA Spring C"]
[Site "Warszawa"]
[Date "2012.04.18"]
[Round "2"]
[White "Szukalski, Antoni"]
[Black "Golebiewski, Marek"]
[Result "1/2-1/2"]
[WhiteElo "1858"]
[BlackElo "1699"]
[PlyCount "89"]
[EventDate "2012.04.11"]
[EventType "tourn"]
[EventRounds "1"]
[EventCountry "POL"]
[SourceDate "2012.04.11"]

1. d4 d5 2. c4 e6 3. Nc3 Nf6 4. Bg5 Be7 5. e3 h6 6. Bh4 O-O 7. Nf3 b6 8. Bxf6
Bxf6 9. cxd5 exd5 10. Qc2 Be6 11. Bd3 Nc6 12. a3 a6 13. O-O Qd7 14. Rac1 Na5
15. Nb1 Rac8 16. b4 Nb7 17. Qe2 a5 18. b5 Bf5 19. a4 Bxd3 20. Qxd3 Nd6 21. Nbd2
c6 22. Ne5 Bxe5 23. dxe5 Nb7 24. bxc6 Rxc6 25. Qb5 Rfc8 26. Nb3 Qc7 27. Qxd5
Rxc1 28. Nxc1 Nc5 29. Qd4 Rd8 30. Qc3 Qd7 31. Nb3 Nxa4 32. Qc4 b5 33. Qe4 Qd5
34. Qxd5 Rxd5 35. Nxa5 Rxe5 36. Rb1 Rc5 37. Nb3 Rc4 38. Na5 Rc2 39. f3 Nc3 40.
Rb3 Nd5 41. e4 Nf4 42. g3 Nh3+ 43. Kh1 Nf2+ 44. Kg1 Nh3+ 45. Kh1 1/2-1/2

[Event "105th YMCA Spring C"]
[Site "Warszawa"]
[Date "2012.04.18"]
[Round "2"]
[White "Pajak, Jakub"]
[Black "Koziol, Pawel"]
[Result "1-0"]
[WhiteElo "1693"]
[BlackElo "1859"]
[PlyCount "79"]
[EventDate "2012.04.11"]
[EventType "tourn"]
[EventRounds "1"]
[EventCountry "POL"]
[SourceDate "2012.04.11"]

1. e4 g6 2. d4 Bg7 3. Nc3 d6 4. Be3 a6 5. Qd2 b5 6. f3 Bb7 7. g4 Nd7 8. h4 h6
9. O-O-O Ngf6 10. h5 g5 11. Nge2 c6 12. Ng3 e6 13. Be2 Qa5 14. a3 O-O-O 15. Kb1
Bf8 16. f4 gxf4 17. Bxf4 e5 18. Be3 Rg8 19. Nf5 Nxg4 20. Bxg4 Rxg4 21. Bxh6
exd4 22. Qxd4 d5 23. Bxf8 Nxf8 24. h6 Ng6 25. h7 Nh8 26. Ne7+ Kb8 27. Qe5+ Qc7
28. Qxc7+ Kxc7 29. exd5 c5 30. Rdg1 Rxg1+ 31. Rxg1 Kd7 32. Ng8 Rc8 33. Re1 Ng6
34. Nf6+ Kd6 35. Nce4+ Ke5 36. Nxc5+ Kxf6 37. Nxb7 Rc7 38. Nd6 Rd7 39. Ne8+ Kf5
40. Rg1 1-0

[Event "105th YMCA Spring C"]
[Site "Warszawa"]
[Date "2012.04.25"]
[Round "3"]
[White "Koziol, Pawel"]
[Black "Sawicki, Wojciech"]
[Result "1-0"]
[WhiteElo "1859"]
[BlackElo "1770"]
[PlyCount "77"]
[EventDate "2012.04.11"]
[EventType "tourn"]
[EventRounds "1"]
[EventCountry "POL"]
[SourceDate "2012.04.11"]

1. d4 Nf6 2. Nc3 d5 3. Bf4 g6 4. e3 Bg7 5. Nf3 Nh5 6. Bg5 h6 7. Bh4 Bf6 8. Bxf6
Nxf6 9. Bd3 c6 10. O-O Qd6 11. e4 dxe4 12. Nxe4 Nxe4 13. Bxe4 Nd7 14. c3 O-O
15. Re1 Nf6 16. Bd3 Bg4 17. h3 Be6 18. Qc2 Kh7 19. Ne5 Rg8 20. Re3 Nd5 21. Rf3
Raf8 22. Bxg6+ fxg6 23. Rxf8 Rxf8 24. Qxg6+ Kh8 25. Qxh6+ Kg8 26. Ng6 Rf5 27.
g4 Rf3 28. Qh8+ Kf7 29. Ne5+ Qxe5 30. Qxe5 Nf4 31. Re1 Nxh3+ 32. Kh2 Nf4 33.
Re4 Rxf2+ 34. Kg3 Rg2+ 35. Kxf4 Rxg4+ 36. Kf3 Rg6 37. Rf4+ Kg8 38. Qb8+ Kg7 39.
Qf8+ 1-0

[Event "105th YMCA Spring C"]
[Site "Warszawa"]
[Date "2012.04.25"]
[Round "3"]
[White "Golebiewski, Marek"]
[Black "Pajak, Jakub"]
[Result "0-1"]
[WhiteElo "1699"]
[BlackElo "1693"]
[PlyCount "120"]
[EventDate "2012.04.11"]
[EventType "tourn"]
[EventRounds "1"]
[EventCountry "POL"]
[SourceDate "2012.04.11"]

1. e4 c5 2. Nf3 Nc6 3. d4 cxd4 4. Nxd4 g6 5. Nc3 Bg7 6. Be3 Nf6 7. Be2 O-O 8.
Qd2 a6 9. O-O d6 10. h3 Bd7 11. f4 Rc8 12. Rad1 b5 13. a3 Na5 14. e5 Ne8 15.
Nf3 Nc4 16. Bxc4 Rxc4 17. Nd5 Be6 18. Qf2 Bxd5 19. Rxd5 Qc8 20. c3 Nc7 21. Rd3
Qf5 22. Rd2 dxe5 23. Nxe5 Bxe5 24. fxe5 Qxf2+ 25. Rdxf2 Kg7 26. Rd1 Re4 27. Bc5
Ne6 28. Bxe7 Re8 29. Bf6+ Kg8 30. Rd6 Nc5 31. Rfd2 Re1+ 32. Kh2 Ne4 33. Rd8
Nxf6 34. exf6 Kf8 35. R8d6 R1e6 36. Rxe6 fxe6 37. Rd7 e5 38. Rxh7 Re6 39. Re7
Rxe7 40. fxe7+ Kxe7 41. Kg3 Ke6 42. Kf3 Kd5 43. b3 a5 44. Ke3 a4 45. b4 Kc4 46.
h4 Kb3 47. g4 Kxa3 48. h5 gxh5 49. gxh5 Kb3 50. h6 a3 51. h7 a2 52. h8=Q a1=Q
53. Qg8+ Kxc3 54. Qc8+ Kxb4 55. Qf8+ Kc4 56. Qc8+ Kb3 57. Qg8+ Kc3 58. Qc8+ Kb2
59. Qb8 Qe1+ 60. Kf3 b4 0-1

[Event "105th YMCA Spring C"]
[Site "Warszawa"]
[Date "2012.05.11"]
[Round "3"]
[White "Prus, Marek"]
[Black "Szukalski, Antoni"]
[Result "1/2-1/2"]
[WhiteElo "1735"]
[BlackElo "1858"]
[Annotator "M"]
[PlyCount "71"]
[EventDate "2012.04.11"]
[EventType "tourn"]
[EventRounds "1"]
[EventCountry "POL"]
[SourceDate "2012.04.11"]

1. e4 c6 2. Ne2 d5 3. e5 Bf5 4. d4 e6 5. Ng3 Bg6 6. h4 h6 7. h5 Bh7 8. Bd3 Bxd3
9. Qxd3 c5 10. c3 Nd7 11. O-O Ne7 12. Nd2 Nc6 13. Nf3 c4 14. Qc2 b5 15. Re1 a5
16. Bd2 Be7 17. Qc1 b4 18. a3 bxa3 19. bxa3 a4 20. Rb1 Na5 21. Rb4 Nb3 22. Qc2
Bxb4 23. cxb4 Nxd2 24. Qxd2 O-O 25. Re3 Nb6 26. Ne2 Nc8 27. Nh2 Ne7 28. g4 Kh8
29. f4 Ng8 30. Rg3 f6 31. Nf3 Ne7 32. exf6 Rxf6 33. g5 hxg5 34. fxg5 Rxf3 35.
Rxf3 Nf5 36. Qf4 $11 1/2-1/2

[Event "105th YMCA Spring C"]
[Site "Warszawa"]
[Date "2012.04.25"]
[Round "3"]
[White "Wrabel, Antoni"]
[Black "Jarmolowski, Tadeusz"]
[Result "1/2-1/2"]
[WhiteElo "1713"]
[BlackElo "1732"]
[Annotator "M"]
[PlyCount "82"]
[EventDate "2012.04.11"]
[EventType "tourn"]
[EventRounds "1"]
[EventCountry "POL"]
[SourceDate "2012.04.11"]

1. e4 d5 2. exd5 Qxd5 3. Nc3 Qd6 4. d4 Nf6 5. Nf3 a6 6. g3 Bg4 7. Bg2 Nc6 8.
Be3 O-O-O 9. O-O e5 10. dxe5 Nxe5 11. Qxd6 Nxf3+ 12. Bxf3 Bxd6 13. Kg2 Bf5 14.
Rac1 Ng4 15. Bxg4 Bxg4 16. Ne4 $11 Be7 17. f3 Bh5 18. Rfd1 Rhe8 19. Kf2 b6 20.
Nc3 Bf6 21. Rxd8+ Rxd8 22. Nd1 Kb7 23. c3 h6 24. Ke2 Re8 25. Kf2 Rd8 26. Ke2 g5
27. Nf2 Bg7 28. Rd1 Re8 29. g4 Bg6 30. Re1 Be5 31. Kd2 f5 32. gxf5 Bxf5 33. Ng4
Bg7 34. Bf2 Rd8+ 35. Kc1 Rd7 36. Bg3 Rf7 37. Ne5 $11 Bxe5 38. Rxe5 Bh3 39. Re3
Bg2 40. Re6 h5 41. Rg6 Bxf3 $11 1/2-1/2

[Event "105th YMCA Spring C"]
[Site "Warszawa"]
[Date "2012.05.04"]
[Round "3"]
[White "Krzyzanowski, Antoni"]
[Black "Moskwinski, Marek"]
[Result "1/2-1/2"]
[WhiteElo "1777"]
[BlackElo "1829"]
[PlyCount "74"]
[EventDate "2012.04.11"]
[EventType "tourn"]
[EventRounds "1"]
[EventCountry "POL"]
[SourceDate "2012.04.11"]

1. d4 Nf6 2. c4 g6 3. Nc3 Bg7 4. e4 O-O 5. e5 Ne8 6. f4 d6 7. Nf3 Nd7 8. h4 c5
9. h5 cxd4 10. hxg6 fxg6 11. Qxd4 Nc7 12. c5 dxe5 13. Bc4+ e6 14. fxe5 Nxe5 15.
Qxd8 Rxd8 16. Bg5 Rf8 17. Nxe5 Bxe5 18. O-O-O Bxc3 19. bxc3 Nd5 20. Rxd5 exd5
21. Bxd5+ Kh8 22. Be7 Rf5 23. c4 Bd7 24. g4 Rf2 25. g5 Bc6 26. Bf6+ Rxf6 27.
gxf6 Bxd5 28. cxd5 Rc8 29. f7 Rxc5+ 30. Kb2 Rc8 31. Kb3 Kg7 32. d6 Rd8 33. Rf1
Kf8 34. Rf6 Kg7 35. Rf1 Kf8 36. Rf6 Kg7 37. Rf1 Kf8 1/2-1/2

[Event "105th YMCA Spring C"]
[Site "Warszawa"]
[Date "2012.05.08"]
[Round "4"]
[White "Sawicki, Wojciech"]
[Black "Moskwinski, Marek"]
[Result "1/2-1/2"]
[WhiteElo "1770"]
[BlackElo "1829"]
[PlyCount "84"]
[EventDate "2012.04.11"]
[EventType "tourn"]
[EventRounds "1"]
[EventCountry "POL"]
[SourceDate "2012.04.11"]

1. e4 c5 2. d4 cxd4 3. c3 dxc3 4. Nxc3 e6 5. Nf3 Nc6 6. Bc4 a6 7. O-O Nge7 8.
Bg5 Qa5 9. a3 h6 10. Be3 Ng6 11. Nd4 Be7 12. f4 O-O 13. b4 Qc7 14. Rc1 Nxd4 15.
Qxd4 Qd6 16. Qxd6 Bxd6 17. e5 Bb8 18. Bd3 d6 19. exd6 Bxd6 20. Na4 Bd7 21. Nb6
Rad8 22. Be4 Bb5 23. Rf2 a5 24. a4 Bc6 25. Bxc6 bxc6 26. bxa5 e5 27. f5 Ne7 28.
Bc5 Nc8 29. Nxc8 Bxc5 30. Rxc5 Rxc8 31. Rxe5 Rfd8 32. a6 Ra8 33. Ra5 Rd5 34.
Rxd5 cxd5 35. Rd2 Rxa6 36. Rxd5 Rxa4 37. Rd8+ Kh7 38. Rf8 Ra7 39. Kf2 g5 40.
Re8 Kg7 41. Kf3 Ra3+ 42. Re3 Ra2 1/2-1/2

[Event "105th YMCA Spring C"]
[Site "Warszawa"]
[Date "2012.05.02"]
[Round "4"]
[White "Jarmolowski, Tadeusz"]
[Black "Szewczyk, Mariusz"]
[Result "0-1"]
[WhiteElo "1732"]
[BlackElo "1851"]
[PlyCount "50"]
[EventDate "2012.04.11"]
[EventType "tourn"]
[EventRounds "1"]
[EventCountry "POL"]
[SourceDate "2012.04.11"]

1. e4 c5 2. c3 Nf6 3. e5 Nd5 4. d4 cxd4 5. Qxd4 e6 6. Bc4 Nc6 7. Qe4 d6 8. exd6
Nf6 9. Qe2 Bxd6 10. Nf3 O-O 11. O-O Qc7 12. Bb3 e5 13. h3 Bf5 14. Be3 Rad8 15.
Rd1 Be7 16. Rxd8 Rxd8 17. Ng5 Bg6 18. Qc4 Nd5 19. Qg4 Nxe3 20. fxe3 Qb6 21. Qg3
h6 22. Ne6 Rd3 23. Kf2 fxe6 24. Qxg6 Qxe3+ 25. Kf1 Qc1+ 0-1

[Event "105th YMCA Spring C"]
[Site "Warszawa"]
[Date "2012.05.02"]
[Round "4"]
[White "Szukalski, Antoni"]
[Black "Wrabel, Antoni"]
[Result "1/2-1/2"]
[WhiteElo "1858"]
[BlackElo "1713"]
[Annotator "M"]
[PlyCount "78"]
[EventDate "2012.04.11"]
[EventType "tourn"]
[EventRounds "1"]
[EventCountry "POL"]
[SourceDate "2012.04.11"]

1. e4 e5 2. Nf3 Nc6 3. d4 exd4 4. Nxd4 Qh4 5. Nc3 Bb4 6. Qd3 Bxc3+ 7. bxc3 Nf6
8. Nb5 Kd8 9. Be2 a6 10. Nd4 Nxd4 11. cxd4 Qxe4 12. O-O Qxd3 13. Bxd3 h6 14.
Bd2 d6 15. f3 Bd7 16. Kf2 Re8 17. Rab1 b6 18. h4 Ng8 19. Be4 Rb8 20. c4 Ne7 21.
g4 f5 22. gxf5 Bxf5 23. Rg1 Bxe4 24. fxe4 Rf8+ 25. Ke2 Rf7 26. Rbf1 Ke8 27. Bc3
Nc6 28. c5 bxc5 29. dxc5 Ne5 30. cxd6 cxd6 31. Rd1 Rb6 32. Rd5 Re7 33. Rgd1 Nf7
34. Ke3 g5 35. Bf6 Re6 36. hxg5 hxg5 37. Bxg5 $11 Rb4 38. R1d4 Rxd4 39. Kxd4
Re5 $11 1/2-1/2

[Event "105th YMCA Spring C"]
[Site "Warszawa"]
[Date "2012.05.02"]
[Round "4"]
[White "Pajak, Jakub"]
[Black "Prus, Marek"]
[Result "0-1"]
[WhiteElo "1693"]
[BlackElo "1735"]
[PlyCount "78"]
[EventDate "2012.04.11"]
[EventType "tourn"]
[EventRounds "1"]
[EventCountry "POL"]
[SourceDate "2012.04.11"]

1. c4 g6 2. Nf3 Bg7 3. g3 c5 4. Bg2 Nc6 5. O-O d6 6. Nc3 e6 7. Rb1 Nge7 8. d3
O-O 9. Bd2 h6 10. Qc1 Kh7 11. a3 b6 12. b4 Bb7 13. b5 Nb8 14. Ng5+ hxg5 15.
Bxb7 Nd7 16. Bxa8 Qxa8 17. Bxg5 Nf5 18. e4 Ne5 19. Qd1 Nd4 20. Be3 Ndf3+ 21.
Kg2 f5 22. Bf4 fxe4 23. dxe4 Rxf4 24. gxf4 Nh4+ 25. Kg3 Nef3 26. Qd3 Bxc3 27.
Rb3 g5 28. Rxc3 gxf4+ 29. Kh3 e5 30. Qxf3 Nxf3 31. Rxf3 Qc8+ 32. Kh4 Qd8+ 33.
Kg4 Qd7+ 34. Kh4 Qe7+ 35. Kh3 Qe6+ 36. Kh4 Qh6+ 37. Kg4 Qg6+ 38. Kh4 Kh6 39.
Rd3 Qh5# 0-1

[Event "105th YMCA Spring C"]
[Site "Warszawa"]
[Date "2012.05.02"]
[Round "4"]
[White "Koziol, Pawel"]
[Black "Golebiewski, Marek"]
[Result "1-0"]
[WhiteElo "1859"]
[BlackElo "1699"]
[PlyCount "65"]
[EventDate "2012.04.11"]
[EventType "tourn"]
[EventRounds "1"]
[EventCountry "POL"]
[SourceDate "2012.04.11"]

1. d4 d5 2. c4 e6 3. Nc3 Nf6 4. Bg5 Be7 5. cxd5 exd5 6. e3 h6 7. Bxf6 Bxf6 8.
Bd3 c6 9. Nge2 Be6 10. Nf4 O-O 11. Bc2 Qe7 12. Qd3 g6 13. g4 Bg5 14. Nxg6 fxg6
15. Qxg6+ Kh8 16. h4 Rg8 17. Qd3 Bf4 18. O-O-O Bc7 19. g5 h5 20. f4 Bg4 21.
Rdf1 Nd7 22. f5 Rae8 23. e4 Qf7 24. e5 Bxe5 25. dxe5 Nxe5 26. Qd4 Rg7 27. Qxa7
Rd8 28. Qd4 Nf3 29. Qf4 d4 30. f6 Rg6 31. Rxf3 Bxf3 32. Qxf3 dxc3 33. Qxh5+ 1-0

[Event "105th YMCA Spring C"]
[Site "Warszawa"]
[Date "2012.05.09"]
[Round "5"]
[White "Golebiewski, Marek"]
[Black "Sawicki, Wojciech"]
[Result "0-1"]
[WhiteElo "1699"]
[BlackElo "1770"]
[PlyCount "76"]
[EventDate "2012.04.11"]
[EventType "tourn"]
[EventRounds "1"]
[EventCountry "POL"]
[SourceDate "2012.04.11"]

1. e4 e5 2. Nf3 Nc6 3. Bc4 Nf6 4. Ng5 Bc5 5. O-O O-O 6. d3 Na5 7. Bb3 Nxb3 8.
axb3 d5 9. Nc3 c6 10. Qe2 Bg4 11. Nf3 d4 12. Nb1 Nd7 13. h3 Bh5 14. g4 Bg6 15.
Bg5 f6 16. Bd2 Bf7 17. Na3 Be6 18. Nc4 b5 19. Na5 Qc7 20. b4 Bb6 21. c4 dxc3
22. bxc3 c5 23. Be3 cxb4 24. cxb4 Qd6 25. Qd2 Bxe3 26. fxe3 h5 27. Nh2 Rfc8 28.
Rfc1 hxg4 29. hxg4 Rab8 30. Rc3 Rxc3 31. Qxc3 Nb6 32. Qd2 Nc4 33. Qe2 Nxa5 34.
Rxa5 Qxb4 35. Rxa7 Qb1+ 36. Kg2 Rc8 37. Kh3 Rc2 38. Qf3 Qg1 0-1

[Event "105th YMCA Spring C"]
[Site "Warszawa"]
[Date "2012.05.18"]
[Round "5"]
[White "Prus, Marek"]
[Black "Koziol, Pawel"]
[Result "1-0"]
[WhiteElo "1735"]
[BlackElo "1859"]
[PlyCount "41"]
[EventDate "2012.04.11"]
[EventRounds "1"]
[EventCountry "POL"]
[SourceDate "2012.04.11"]

1. e4 c5 2. Nf3 d6 3. d4 cxd4 4. Qxd4 Nc6 5. Bb5 Bd7 6. Bxc6 Bxc6 7. Nc3 Nf6 8.
Bg5 e6 9. O-O-O h6 10. Bxf6 gxf6 11. Rhe1 Be7 12. Qd2 Qd7 13. Nd4 O-O-O 14. Kb1
Kb8 15. f4 d5 16. Nxc6+ bxc6 17. exd5 f5 18. Qe3 cxd5 19. Nxd5 Bf6 20. Qb3+ Ka8
21. Nb6+ 1-0

[Event "105th YMCA Spring C"]
[Site "Warszawa"]
[Date "2012.05.10"]
[Round "5"]
[White "Wrabel, Antoni"]
[Black "Pajak, Jakub"]
[Result "1/2-1/2"]
[WhiteElo "1713"]
[BlackElo "1693"]
[Annotator "M"]
[PlyCount "79"]
[EventDate "2012.04.11"]
[EventType "tourn"]
[EventRounds "1"]
[EventCountry "POL"]
[SourceDate "2012.04.11"]

1. e4 c5 2. Nf3 Nc6 3. d4 cxd4 4. Nxd4 g6 5. c4 Bg7 6. Be3 Nf6 7. Nc3 Ng4 8.
Qxg4 Nxd4 9. Qd1 Nc6 10. Rc1 a6 11. Qd2 d6 12. Bd3 Ne5 13. Be2 Be6 14. Nd5 Bxd5
15. cxd5 Rc8 16. O-O O-O 17. f4 Nd7 18. Bg4 h5 19. Rxc8 Qxc8 20. Rc1 Qd8 21.
Bh3 b6 22. Rc6 a5 23. Qc2 b5 24. b3 b4 25. Qc4 Bc3 26. Qb5 Kh7 27. Qb7 e6 28.
g3 (28. dxe6 Qh4 29. g3 Qxh3 30. Qxd7 Qxe6 31. Qxe6 fxe6 32. Rxd6) 28... Nc5
29. Bxc5 dxc5 30. Bxe6 Qf6 31. e5 Bd4+ 32. Kg2 Bxe5 33. fxe5 Qxe5 34. Qe7 g5
35. Qxc5 Qe2+ 36. Kg1 Qe1+ 37. Kg2 Qe2+ 38. Kg1 Qe1+ 39. Kg2 Qe2+ 40. Kg1
1/2-1/2

[Event "105th YMCA Spring C"]
[Site "Warszawa"]
[Date "2012.05.10"]
[Round "5"]
[White "Szewczyk, Mariusz"]
[Black "Szukalski, Antoni"]
[Result "1-0"]
[WhiteElo "1851"]
[BlackElo "1858"]
[PlyCount "51"]
[EventDate "2012.04.11"]
[EventType "tourn"]
[EventRounds "1"]
[EventCountry "POL"]
[SourceDate "2012.04.11"]

1. e4 e5 2. Nf3 Nc6 3. d4 exd4 4. Bc4 Be7 5. c3 d6 6. Qb3 Ne5 7. Nxe5 dxe5 8.
Bxf7+ Kf8 9. O-O Bf6 10. f4 Qe7 11. Bxg8 Rxg8 12. cxd4 exd4 13. e5 Bh4 14. g3
Bh3 15. Re1 g5 16. f5 Qc5 17. Qa3 Qxa3 18. Nxa3 c6 19. Nc4 Ke7 20. Nd6 b6 21.
Re2 Raf8 22. Rf2 a6 23. gxh4 gxh4+ 24. Kh1 Kd7 25. Bh6 Rb8 26. Rg1 1-0

[Event "105th YMCA Spring C"]
[Site "Warszawa"]
[Date "2012.05.09"]
[Round "5"]
[White "Krzyzanowski, Antoni"]
[Black "Jarmolowski, Tadeusz"]
[Result "1-0"]
[WhiteElo "1777"]
[BlackElo "1732"]
[Annotator "M"]
[PlyCount "99"]
[EventDate "2012.04.11"]
[EventType "tourn"]
[EventRounds "1"]
[EventCountry "POL"]
[SourceDate "2012.04.11"]

1. d4 Nf6 2. c4 e5 3. dxe5 Ng4 4. Bf4 g5 5. Bg3 Bg7 6. Nf3 Nc6 7. h4 h6 8. e3
Ngxe5 9. Nxe5 Nxe5 10. Nc3 d6 11. Qb3 Rb8 12. O-O-O Be6 13. hxg5 Qxg5 14. Bh4
Qg6 15. Qa4+ Bd7 16. Qxa7 O-O 17. Nd5 Nc6 18. Qa4 Rfe8 19. Nxc7 Nd4 20. Bd3
Bxa4 21. Bxg6 Bxd1 22. Rxd1 fxg6 23. Nxe8 Rxe8 24. exd4 Re4 25. Bg3 Bxd4 26.
Bxd6 Bxf2 27. b3 Re2 28. Kb1 Bh4 29. g3 Bf6 30. Ba3 Rg2 31. Rf1 Kf7 32. b4 Ke6
33. Re1+ Kd7 34. Rf1 Ke6 $11 35. Re1+ Kd7 36. Rd1+ Ke6 37. Rd3 Be5 38. Bc1 g5
39. a4 Bxg3 40. c5 Be5 41. a5 h5 42. b5 Rg4 43. Bd2 Rc4 44. c6 bxc6 45. b6 Rc5
46. Rb3 Kd7 47. a6 Kc8 48. b7+ Kb8 49. a7+ Kxa7 50. Be3 1-0